Statistiques concernant Quel est ce logo ? #1

Cliquez ici pour prendre le quiz!

Statistiques générales

  • Ce quiz a été pris 901 fois
  • Le résultat moyen est 15 sur 16

Statistiques - réponses

Réponse% Correct
Nike
100%
BMW
99%
Carrefour
99%
Facebook
99%
Apple
97%
Amazon
96%
Instagram
96%
Coca Cola
95%
Nintendo
95%
Renault
95%
Starbucks
93%
Chanel
91%
Master Card
89%
Levis
88%
Volkswagen
84%
Mac Donalds
77%

Distribution des résultats

Percentile par nombre de réponses

% des personnes avec chaque résultat

Votre développement - résultats

Vous n’avez pas pris ce quiz